Perspectives on Nai talim (Record no. 1397557)

MARC details
000 -LEADER
fixed length control field 00640nam a2200217Ia 4500
005 - DATE AND TIME OF LATEST TRANSACTION
control field 20250508165814.0
008 - FIXED-LENGTH DATA ELEMENTS--GENERAL INFORMATION
fixed length control field 008 250505s9999 xx 000 0 eng d
020 ## - INTERNATIONAL STANDARD BOOK NUMBER
International Standard Book Number 81-87129-00-X
037 ## - SOURCE OF ACQUISITION
Stock number Textual
040 ## - CATALOGING SOURCE
Original cataloging agency FEDL
Language of cataloging eng
Transcribing agency FEDL
041 ## - LANGUAGE CODE
Language code of text/sound track or separate title eng
Source of code eng
084 ## - COLON CLASSIFICATION NUMBER
Classification number 370.109 54, PRA
Assigning agency FEDL
100 ## - MAIN ENTRY--PERSONAL NAME
Personal name Prabhath S V Ed.
9 (RLIN) 782021
245 #0 - TITLE STATEMENT
Title Perspectives on Nai talim
260 ## - PUBLICATION, DISTRIBUTION, ETC.
Place of publication, distribution, etc. New Delhi, India
Name of publisher, distributor, etc. Serials Publications
Date of publication, distribution, etc. 2010
300 ## - PHYSICAL DESCRIPTION
Extent xii, 364p.
365 ## - TRADE PRICE
Price type code INR
Price amount 395
546 ## - LANGUAGE NOTE
Language note Acc. No. 91214 is gifted by Prof. Krishna Kumar
942 ## - ADDED ENTRY ELEMENTS (KOHA)
Koha item type Textual
Classification part 370.109 54, PRA
Holdings
Withdrawn status Lost status Damaged status Not for loan Home library Current library Date acquired Cost, normal purchase price Total Checkouts Full call number Barcode Date last seen Price effective from Koha item type
        Department of Education Library Department of Education Library 2025-05-08 395.00   370.109 54, PRA EL0091214 2025-05-08 2025-05-08 Textual
Copyright @ Delhi University Library System